[Event "Manizales Feria op 29th"]
[Site "Manizales"]
[Date "2024.01.07"]
[Round "5"]
[White "Mogollon Garcia, Juan David"]
[Black "Blandon Mena, Dagnoy Emilio"]
[Result "0-1"]
[WhiteElo "1500"]
[BlackElo "1600"]
[PlyCount "74"]
[EventDate "2024.01.05"]
[EventType "swiss"]
[EventRounds "7"]
[EventCountry "COL"]
[SourceTitle "CB02_2024"]
[SourceDate "2024.01.10"]
[SourceVersion "1"]
[SourceVersionDate "2024.01.10"]
[SourceQuality "1"]

1. e4 e6 2. Nf3 c5 3. d4 cxd4 4. Nxd4 a6 5. Bc4 h6 6. Bf4 Nc6 7. Nf3 g5 8. Be5 Nxe5 9. Nxe5 Qa5+ 10. c3 Qxe5 11. Nd2 b5 12. Nf3 Qxe4+ 13. Be2 Bb7 14. Qd3 Nf6 15. 0-0 g4 16. Nh4 Be7 17. Qxe4 Nxe4 18. f3 Nd2 19. Rfd1 Nc4 20. Rd4 Bxh4 21. Rxg4 Be7 22. b3 h5 23. Rd4 Ne3 24. c4 Nc2 25. Rad1 Bc5 26. Kh1 Nxd4 27. Rxd4 Bxd4 28. h4 Rg8 29. f4 Rxg2 30. Bxh5 Rg4+ 31. Kh2 Rxh4+ 32. Kg3 Rxh5 33. Kg4 Rf5 34. cxb5 Ke7 35. a4 Rg8+ 36. Kh4 Bf2+ 37. Kh3 Rh5# 0-1